The cultural heritage of Pakistan / (Record no. 21791)

MARC details
000 -LEADER
fixed length control field 00869cam a22002771 4500
001 - CONTROL NUMBER
control field 7463285
003 - CONTROL NUMBER IDENTIFIER
control field BDDh-ASL
005 - DATE AND TIME OF LATEST TRANSACTION
control field 20231015030037.0
008 - FIXED-LENGTH DATA ELEMENTS--GENERAL INFORMATION
fixed length control field 720919s1955 pk a 000 0 eng
010 ## - LIBRARY OF CONGRESS CONTROL NUMBER
LC control number 56013679
035 ## - SYSTEM CONTROL NUMBER
System control number (OCoLC)409290
040 ## - CATALOGING SOURCE
Original cataloging agency DLC
Transcribing agency ODaWU
Modifying agency ICIU
-- DLC
-- BDDh-ASL
042 ## - AUTHENTICATION CODE
Authentication code premarc
043 ## - GEOGRAPHIC AREA CODE
Geographic area code a-pk---
050 00 - LIBRARY OF CONGRESS CALL NUMBER
Classification number DS379
Item number .I 39
082 ## - DEWEY DECIMAL CLASSIFICATION NUMBER
Classification number 954.7
Item number IKC
100 1# - MAIN ENTRY--PERSONAL NAME
Personal name Ikram, S. M.
Fuller form of name (Sheikh Mohamad),
Dates associated with a name 1908-1973,
Relator term ed.
245 14 - TITLE STATEMENT
Title The cultural heritage of Pakistan /
Statement of responsibility, etc. edited by S. M. Ikram and Percival Spear.
260 ## - PUBLICATION, DISTRIBUTION, ETC.
Place of publication, distribution, etc. Karachi :
-- New York:
Name of publisher, distributor, etc. Oxford University Press,
Date of publication, distribution, etc. 1955.
300 ## - PHYSICAL DESCRIPTION
Extent 204 p. :
Other physical details illus.
Dimensions 21 cm.
590 ## - LOCAL NOTE (RLIN)
Local note In English.
651 #0 - SUBJECT ADDED ENTRY--GEOGRAPHIC NAME
Geographic name Pakistan
General subdivision Civilization.
700 1# - ADDED ENTRY--PERSONAL NAME
Personal name Spear, Percival,
Dates associated with a name 1901-1982,
Relator term joint ed.
906 ## - LOCAL DATA ELEMENT F, LDF (RLIN)
a 7
b cbc
c oclcrpl
d u
e ncip
f 19
g y-gencatlg
942 ## - ADDED ENTRY ELEMENTS (KOHA)
Source of classification or shelving scheme Dewey Decimal Classification
Koha item type Books
Holdings
Withdrawn status Lost status Source of classification or shelving scheme Damaged status Not for loan Collection code Home library Current library Shelving location Date acquired Source of acquisition Total Checkouts Full call number Barcode Date last seen Copy number Price effective from Koha item type Public note
    Dewey Decimal Classification   Not For Loan Non-fiction Asiatic Society Library Asiatic Society Library General Stacks 02/15/2021 ASB Library Collections   954.7 IKC 105743 02/15/2021 C-1 02/15/2021 Books RARE
    Dewey Decimal Classification     Non-fiction Asiatic Society Library Asiatic Society Library General Stacks 11/21/2023 ASB Library Collection   954.7 IKC 125130 11/21/2023 C-2 11/21/2023 Books RARE

Powered by Koha